Tilastot visalle Historiavisat: 1970-luku

Klikkaa tästä pelataksesi tätä visaa!

Yleistilastot

  • Tätä visaa on pelattu 68 kertaa
  • Keskiarvotulos 9 / 19

Vastaustilastot

% Oikein
1976Täysi-ikäisyyden raja laskettiin _____ vuodesta 18 vuoteen21
91%
1970-luvun suomalainen presidenttiUrho Kekkonen
89%
1975_____ sota päättyiVietnamin
80%
1974Ruotsalaisyhtye ABBA voitti Euroviisut kappaleella _____Waterloo
80%
1976_____ patruunatehtaassa tapahtui räjähdys, joka surmasi 40 ihmistäLapuan
73%
1970-luvulla koettiin kaksi merkittävää öljykriisiä vuosina _____1973
58%
1970-luvulla koettiin kaksi merkittävää öljykriisiä vuosina _____1978
53%
1971Itä-Pakistan itsenäistyi _____-nimiseksi valtioksiBangladesh
53%
1970_____syrjinnästä tuli rangaistava teko Suomessarotu
53%
1971Kalle Päätalo aloitti 26-osaisen _____-sarjansaIijoki
51%
1977Suomen ensimmäinen ydinvoimala _____ 1 otettiin käyttöönLoviisa
51%
1979_____ joukot miehittivät KabulinNeuvostoliiton
44%
1979_____-niminen ympäristöliike purki estämään samannimisen järven kuivaamisen;
aktivistit köyttivät itsensä kaivinkoneeseen kiinni
Koijärvi
35%
1973Sotilasvallankaappaus _____ssä toi pakolaisia myös SuomeenChile
31%
1972Nasan _____-ohjelma lopetettiinApollo
20%
1970Tv-ohjelma _____ keräsi parhaimmillaan 2 000 000 katsojaa lauantai-iltaisinLauantaitanssit
20%
1972_____-niminen ryhmä hyökkäsi israelilaisia urheilijoita vastaan Münchenin olympialaisissaMusta syyskuu
20%
1979Edward Taylorin käsikirjoittaman _____-kuunnelmasarjan Suomi-versio alkoi;
sarjaa esitettiin radiossa vuoteen 2010
Knalli ja sateenvarjo
13%
1978Jim Jonesin johtama Kansan temppeli -kultin jäsenistä 900 kuoli surmattuna tai tehtyään itsemurhan _____ viidakossaGuyanan
9%

Tulosjakauma

Persentiili vastausten määrän mukaan

Jokaisen tuloksen saaneiden osuus

Tuloshistoriasi

Et ole pelannut tätä visaa